[Event "Andalucia-chT"]
[Site "Granada"]
[Date "1991.??.??"]
[Round "3"]
[White "Galiano Garcia, Francisco J"]
[Black "Del Prado Montoro, Cesar"]
[Result "0-1"]
[WhiteElo "2160"]
[BlackElo "2215"]
[PlyCount "86"]
[EventDate "1991.??.??"]
[EventType "team"]
[EventRounds "9"]
[EventCountry "ESP"]
[SourceTitle "EXT 2000"]
[Source "ChessBase"]
[SourceDate "1999.11.16"]
[SourceVersion "1"]
[SourceVersionDate "1999.11.16"]
[SourceQuality "1"]

1. Nf3 Nf6 2. g3 d5 3. Bg2 e6 4. 0-0 Be7 5. d3 0-0 6. Nbd2 c5 7. e4 Nc6 8. Re1 b5 9. h4 a5 10. e5 Nd7 11. Nf1 Ba6 12. Bf4 b4 13. N1h2 Nd4 14. Nxd4 cxd4 15. h5 Rc8 16. Qd2 Kh8 17. Re2 Rc6 18. Rae1 b3 19. axb3 Bb4 20. Qd1 Bxe1 21. Qxe1 Qc7 22. h6 g6 23. Bxd5 Rxc2 24. Bc4 Rxe2 25. Qxe2 Bb7 26. f3 Bc6 27. Ng4 Qb7 28. Kf2 Rb8 29. Bg5 a4 30. Qd2 Bxf3 31. Nh2 Bh1 32. Kg1 axb3 33. Qf2 Kg8 34. Kf1 Ra8 35. Ke2 Qg2 36. Qxg2 Bxg2 37. Ng4 Ra2 38. Bc1 Ra1 39. Kd2 Bf3 40. Nf6+ Nxf6 41. exf6 Bd5 42. g4 Kf8 43. g5 Bxc4 0-1

[Event "Andalucia-chT"]
[Site "Granada"]
[Date "1991.??.??"]
[Round "5"]
[White "Galiano Garcia, Francisco J"]
[Black "Oliva Lobato, Pedro A"]
[Result "0-1"]
[WhiteElo "2160"]
[BlackElo "2225"]
[PlyCount "76"]
[EventDate "1991.??.??"]
[EventType "team"]
[EventRounds "9"]
[EventCountry "ESP"]
[SourceTitle "EXT 2000"]
[Source "ChessBase"]
[SourceDate "1999.11.16"]
[SourceVersion "1"]
[SourceVersionDate "1999.11.16"]
[SourceQuality "1"]

1. Nf3 Nf6 2. g3 g6 3. Bg2 Bg7 4. 0-0 0-0 5. d3 d6 6. Nbd2 e5 7. e4 Nc6 8. h3 h6 9. Nh4 Rb8 10. Nc4 Be6 11. Ne3 d5 12. exd5 Nxd5 13. Ng4 Kh7 14. c3 f5 15. Nh2 Qf6 16. N4f3 Rbd8 17. Qe2 Rde8 18. Re1 Qd8 19. Bd2 Qd7 20. Rad1 Bf7 21. Nh4 Nb6 22. b3 Rd8 23. Bc1 Rfe8 24. Qc2 Bd5 25. Bf1 Qf7 26. f4 exf4 27. gxf4 Qf6 28. Rxe8 Rxe8 29. N2f3 Qxc3 30. Qg2 Bf7 31. d4 Nxd4 32. Nxd4 Bxd4+ 33. Kh2 Be3 34. Bc4 Nxc4 35. Rd7 Qf6 36. bxc4 Bxc1 37. Qd5 Bxf4+ 38. Kg2 Kg8 0-1